01403cam a22003497a 4500003000500000005001700005008004100022010001000063011001000073035001100083040000900094090001000103100004500113245018900158260004300347300001900390502009500409590003700504590004100541590004100582590004100623590004200664650003600706650004100742650002400783901000700807905002900814942001000843949005300853999001700906952013000923CHAP20220817043943.0040810d2002 mx a r 00110 spa d a88631 a89603 a100154 cCHAP aTesis00aAndrade Varela, Clotilde Victoria.9567010aAnálisis de la expresión genética de marcadores moleculares en plantas de frijol (Phaseolus vulgaris L.) cultivadas bajo estrés hídricoc/por Clotilde Victoria Andrade Varela aMontecillo, Méx. :bEl autor,c2002. a40 h. ;bilus. aTesis ( M.C.) CP. Instituto de Recursos Genéticos y Productividad Programa en Genética aALEPHb10c20130110lUCH01h1459 aBATCH-UPDb10c20130110lUCH01h0519 aBATCH-UPDb10c20130410lUCH01h0158 aBATCH-UPDb10c20130914lUCH01h0329 aCONVERSIONb10c20130109lUCH01h134914aCultivos en invernadero.93037614aFrijolxEfecto de la humedad.94336114aFrijolxGenética. aBK aMayto Villalobos Santana cTESIS aTesisbBCcTESd100154123eTS1h42353i100154sb c88631d88631 00102local4051708TESISaBCbBCcPA_TESISd2019-12-31fTESISl0oTesisp100154123r2019-12-31 00:00:00w2019-12-31yTESIS